Fysiologie trávení, vstřebávání, výživy a moku tkáňového /

Hlavní autor: Brod, Jan, 1912-1985
Korporativní autor: Univerzita Karlova
Další autoři: Karásek, František, 1902-1979, Jelínek, Václav, 1916-1970
Jazyk: Čeština
Vydáno: Praha : SPN, 1952
Vydání: 2. vyd.
Edice: Učební texty vysokých škol
Fyzický popis: 289 s. : il. ; 4°
Knihy
Uloženo v:
LEADER 01291nam a22003252a 4500
001 000310004
003 CZ BrMZK
005 20240227105644.0
007 ta
008 030410s1952 xr a f |||| 0 cze d
015 |a cnb000407660 
035 |a (OCoLC)85175578 
040 |a ABA001  |b cze  |c PNA001  |d ABA001  |d BOA001 
100 1 |a Brod, Jan,  |d 1912-1985  |7 jk01013135  |4 aut 
245 1 0 |a Fysiologie trávení, vstřebávání, výživy a moku tkáňového /  |c Jan Brod, Václav Jelínek, František Karásek, Vladislav Kruta a Adolf Zelený 
250 |a 2. vyd. 
260 |a Praha :  |b SPN,  |c 1952  |f (Náborový podn. hl. m. Prahy, záv. Planografie) 
300 |a 289 s. :  |b il. ;  |c 4° 
490 1 |a Učební texty vysokých škol 
500 |a 2075 výt. 
550 |a Vydavatel: Karlova univ. v Praze 
700 1 |a Karásek, František,  |d 1902-1979  |7 jk01052969  |4 aut 
700 1 |a Jelínek, Václav,  |d 1916-1970  |7 jz7100531  |4 aut 
710 2 |a Univerzita Karlova  |7 kn20010710036 
830 0 |a Učební texty vysokých škol 
910 |a BOA001  |b 4-0297.227 
990 |a BK 
991 |b 202401 
996 7 |b 2619833269  |c 4-0297.227  |l MZK  |r Sklad / do 24 hodin  |n 6  |w 000310004  |u 000010  |a 1  |e BOA001  |j MZK50  |s A 
996 6 |b 310004-10  |c 4-0297.227  |l MZK  |r Sklad / do 24 hodin  |n 0  |w 000310004  |u 000020  |a 1  |e BOA001  |j MZK50  |s P